| 000 | 00623nam a2200181 a 4500 | ||
|---|---|---|---|
| 001 | 000015253 | ||
| 005 | 20240226144733.0 | ||
| 008 | 100203s1986 dr 000 0 spa d | ||
| 040 |
_aDO-SdBNP _bspa _cBNPHU |
||
| 082 |
_axxx _bB641 |
||
| 100 | 1 |
_aJorge Blanco, Salvador, _d1926-2010 _930551 |
|
| 245 | 1 | 0 |
_aDuarte, Espaillat, Hostos y Capotillo / _cSalvador Jorge Blanco ; presentación Julio Genaro Campillo Pérez. |
| 260 |
_aSanto Domingo, : _bMograf, _c1986. |
||
| 300 |
_a213 p. ; _c23 cm. |
||
| 504 | _aBibliografía p: 213 | ||
| 590 | _aInventariado, 2019/ YL | ||
| 700 | 1 | 2 |
_aCampillo Pérez, Julio Genaro _epres. _913954 |
| 999 |
_c14821 _d14821 |
||